| 000 | 00582cam a2200193 a 4500 | ||
|---|---|---|---|
| 001 | 000018663 | ||
| 003 | DO-SdBNP | ||
| 005 | 20250702094155.0 | ||
| 008 | 800904s1946 nyu 000 1 eng d | ||
| 040 |
_aDO-SdBNP _beng _cLC _dBNPHU |
||
| 049 | _aBNGR | ||
| 082 |
_a813.4 _bD812m |
||
| 100 | 1 |
_aDu Bois, Theodora, _d1837-1924 _940314 |
|
| 245 | 1 | 0 |
_aMurder strikes an atomic unit / _cTheodora Du Bois. |
| 260 |
_aNew York : _bPublished for the Crime Club by Doubleday & Company, _c1946. |
||
| 300 |
_a223 p. ; _c19 cm. |
||
| 910 | _aCatalogación derivada / LC | ||
| 942 |
_2ddc _cLBS1 |
||
| 999 |
_c18183 _d18183 |
||